[Event "ACP Golden Classic"]
[Site "Amsterdam NED"]
[Date "2012.07.14"]
[Round "1"]
[White "Kamsky, Gata"]
[Black "Le, Quang Liem"]
[Result "1-0"]
[WhiteTitle "GM"]
[BlackTitle "GM"]
[WhiteElo "2744"]
[BlackElo "2693"]
[WhiteFideId "2000024"]
[BlackFideId "12401137"]
[EventDate "2012.07.14"]

1. c4 c5 2. Nf3 Nc6 3. d4 cxd4 4. Nxd4 Nf6 5. g3 e5 6. Nb5 Bb4+ 7. N1c3 a6 8.
Nd6+ Ke7 9. Nf5+ Kf8 10. Ne3 Ne4 11. Nd5 Nxc3 12. bxc3 Bc5 13. Bg2 d6 14. Be3
Bxe3 15. Nxe3 Be6 16. O-O Ke7 17. Qd3 Rc8 18. Rab1 Qc7 19. f4 Na5 20. Nd5+ Bxd5
21. Bxd5 f6 22. Qf5 Qd7 23. Qh5 exf4 24. Rxf4 Rc5 25. Rxf6 gxf6 26. Qf7+ Kd8 27.
Qxf6+ Kc7 28. Qxh8 Qe7 29. e4 Qd7 30. Rf1 Kb6 31. Rf7 Qa4 32. Qd8+ Ka7 33. Qxd6
Qa3 34. Kg2 Qxa2+ 35. Kh3 Rc8 36. Qb4 1-0

[Event "ACP Golden Classic"]
[Site "Amsterdam NED"]
[Date "2012.07.16"]
[Round "3"]
[White "Ivanchuk, Vassily"]
[Black "Sutovsky, Emil"]
[Result "1/2-1/2"]
[WhiteTitle "GM"]
[BlackTitle "GM"]
[WhiteElo "2769"]
[BlackElo "2687"]
[WhiteFideId "14100010"]
[BlackFideId "2802007"]
[EventDate "2012.07.14"]

1. Nf3 Nf6 2. g3 g6 3. Bg2 c5 4. c4 Bg7 5. d4 cxd4 6. Nxd4 O-O 7. O-O d5 8. cxd5
Nxd5 9. Nb3 e6 10. Nc3 Nc6 11. Bd2 Nxc3 12. Bxc3 Bxc3 13. bxc3 Qe7 14. Nd4 Bd7
15. Nxc6 Bxc6 16. Bxc6 bxc6 17. Qc2 1/2-1/2

[Event "ACP Golden Classic"]
[Site "Amsterdam NED"]
[Date "2012.07.22"]
[Round "7"]
[White "Jobava, Baadur"]
[Black "Kamsky, Gata"]
[Result "0-1"]
[WhiteTitle "GM"]
[BlackTitle "GM"]
[WhiteElo "2730"]
[BlackElo "2744"]
[WhiteFideId "13601520"]
[BlackFideId "2000024"]
[EventDate "2012.07.14"]

1. e4 e5 2. Nf3 Nc6 3. Bc4 Bc5 4. c3 Nf6 5. d4 exd4 6. e5 d5 7. Be2 Ne4 8. cxd4
Bb6 9. O-O Bg4 10. Be3 f5 11. exf6 Qxf6 12. Nc3 O-O-O 13. Na4 Kb8 14. Nxb6 axb6
15. a4 Bxf3 16. Bxf3 Rhe8 17. b4 Nd6 18. a5 b5 19. Qc1 Nc4 20. Bg5 Qxd4 21. Bxd8
Rxd8 22. a6 Nxb4 23. axb7 Kxb7 24. Rb1 c5 25. Rd1 Qe5 26. Re1 Qf6 27. Rb3 Kb6
28. Bd1 Rd6 29. Bc2 h6 30. Re8 Re6 31. Rf3 Rxe8 32. Rxf6+ gxf6 33. Bg6 Rd8 34.
Qxh6 Ne5 35. Bf5 d4 36. Qxf6+ Nec6 37. h4 c4 38. h5 d3 39. h6 d2 40. Bg4 d1=Q+
41. Bxd1 Rxd1+ 42. Kh2 Rd7 43. g4 Nd3 44. g5 Ne5 45. Qf4 b4 46. Qe3+ Kb7 47. Qc5
c3 48. f4 Rd2+ 49. Kg3 c2 50. h7 Rd3+ 51. Kg2 Rc3 52. Qb5+ Kc7 53. Qf1 c1=Q 54.
Qxc1 Rxc1 55. h8=Q b3 56. Qh7+ Nd7 57. g6 b2 58. g7 Ne7 0-1